مكتبة جامعة عجلون الوطنية

فهرس بحث المكتبة

ميادين علم الاجتماع ومناهج البحث العلمي (Record no. 26925)

MARC details
000 -LEADER
fixed length control field 00827nam a2200229Ii 4500
003 - CONTROL NUMBER IDENTIFIER
control field JO-AjNU
005 - DATE AND TIME OF LATEST TRANSACTION
control field 20240713101501.0
008 - FIXED-LENGTH DATA ELEMENTS--GENERAL INFORMATION
fixed length control field 230605s9999||||xx |||||||||||||| ||und||
040 ## - CATALOGING SOURCE
Original cataloging agency JO-AjNU
Language of cataloging ara
Description conventions rda
Transcribing agency JO-AjNU
041 ## - LANGUAGE CODE
Language code of text/sound track or separate title ara
050 14 - LIBRARY OF CONGRESS CALL NUMBER
Classification number HM24 .R3 1989
100 3# - MAIN ENTRY--PERSONAL NAME
Personal name تأليف: رشوان، حسين عبدالحميد احمد,
Relator term author
9 (RLIN) 52693
245 00 - TITLE STATEMENT
Title ميادين علم الاجتماع ومناهج البحث العلمي
250 ## - EDITION STATEMENT
Edition statement ط4
264 31 - PRODUCTION, PUBLICATION, DISTRIBUTION, MANUFACTURE, AND COPYRIGHT NOTICE
Place of production, publication, distribution, manufacture الاسكندرية:المكتب الجامعي الحديث، 1989
300 ## - PHYSICAL DESCRIPTION
Extent 211ص
Other physical details يحتوي على ببلوغرافية من 203-211ص
336 ## - CONTENT TYPE
Content type term text
Content type code txt
Source rdacontent
337 ## - MEDIA TYPE
Media type term unmediated
Media type code n
Source rdamedia
338 ## - CARRIER TYPE
Carrier type term volume
Carrier type code nc
Source rdacarrier
650 #4 - SUBJECT ADDED ENTRY--TOPICAL TERM
Topical term or geographic name entry element علم الاجتماع -مناهج البحث
9 (RLIN) 52694
942 ## - ADDED ENTRY ELEMENTS (KOHA)
Source of classification or shelving scheme Library of Congress Classification
Koha item type Books
Holdings
Withdrawn status Lost status Source of classification or shelving scheme Damaged status Not for loan Home library Current library Shelving location Date acquired Total Checkouts Full call number Barcode Date last seen Price effective from Koha item type
    Library of Congress Classification     مكتبة جامعة عجلون الوطنية مكتبة جامعة عجلون الوطنية المجموعات العامة 06/06/2023   HM24 .R3 1989 A23357 06/06/2023 06/06/2023 Books